| 000 | 01254nam0a22003011 4500 | ||
|---|---|---|---|
| 001 | rc\3799741 | ||
| 005 | 20260405194700.0 | ||
| 021 |
_aRU _b[75-44345] |
||
| 035 | _a(NLR Aleph) 007255405 | ||
| 090 |
_a5250169 _c5250169 |
||
| 100 | _a20120311d1975 |||y0rusy50 ca | ||
| 101 | 0 | _arus | |
| 102 | _aRU | ||
| 105 | _aa z ||||| | ||
| 200 | 1 |
_aТеория нестационарного горения пороха _fАН СССР. Ин-т хим. физики. Ин-т проблем механики |
|
| 210 |
_aМосква _cНаука _d1975 |
||
| 215 |
_a131 с. _cчерт. _d21 |
||
| 300 | _aПеред загл. авт.: Я.Б. Зельдович, О.И. Лейпунский, В.Б. Либрович | ||
| 320 | _aСписок лит.: с. 129-130 (87 назв.) | ||
| 606 |
_aПороха _xГорение _2psbo |
||
| 700 | 1 |
_aЗельдович _bЯ.Б. _f1914-1987 _gЯков Борисович |
|
| 701 | 1 |
_8rus _7ca _aЛейпунский _bО. И. _cд-р физ.-мат. наук _f1909-1990 _gОвсей Ильич _3RU\NLR\auth\7786392 _969320 |
|
| 701 | 1 |
_aЛибрович _bВ.Б. _gВадим Брониславович |
|
| 801 | 0 |
_aRU _bNLR _gpsbo |
|
| 801 | 1 |
_aRU _bELAR _2rusmarc |
|
| 852 |
_aNLR _j75-5/1804 |
||
| 942 | _cBOOK | ||
| 980 | _aNB | ||